| 000 | 00000nam##2200000za#4500 |
| 001 | 9.606798 |
| 003 | CaOODSP |
| 005 | 20210624212817 |
| 007 | cr ||||||||||| |
| 008 | 150406|2014||||xxc|||||o f|0| 0 fre|d |
| 020 | |a978-0-660-21891-5 |
| 040 | |aCaOODSP|bfre |
| 043 | |an-cn--- |
| 086 | 1 |aEn49-7/1-47-1F-PDF |
| 110 | 1 |aCanada. |bEnvironnement Canada. |bDirection des sciences et de la technologie. |
| 245 | 10|aMéthode d'essai biologique - essai de mesure de la survie et de la reproduction de collemboles exposés à des contaminants dans le sol |h[ressource électronique] |
| 250 | |a2e édition |
| 260 | |aOttawa - Ontario : |bEnvironnement Canada. |cFévrier 2014. |
| 300 | |a188p.|bfigure, ill., références, tableaux, photographies |
| 490 | 1 |aSérie de la Protection de l'environnement. [Méthodes de référence] |vSPE 1/RM/47 |
| 520 | 3 |aLe présent document décrit les méthodes révisées que recommande maintenant Environnement Canada pour mesurer, au moyen d’un essai biologique, la toxicité d’un sol pour des collemboles. |
| 590 | |a15-05|b2015-01-30 |
| 775 | 08|tBiological test method - test for measuring survival and reproduction of springtails exposed to contaminants in soil |w(CaOODSP)9.579248 |
| 776 | 0#|tMéthode d'essai biologique - essai de mesure de la survie et de la reproduction de collemboles exposés à des contaminants dans le sol |w(CaOODSP)9.629085 |
| 830 | #0|aSérie de la Protection de l'environnement. [Méthodes de référence]|vSPE 1/RM/47|w(CaOODSP)9.501305 |
| 856 | 40|ahttp://publications.gc.ca|qPDF|s2.01 Mo|uhttps://publications.gc.ca/collections/collection_2015/ec/En49-7-1-47-1-fra.pdf|ySPE 1/RM/47 |